[Event "AUTO-OPEN-1300"]
[Site "http://www.queenalice.com/game.php?id=621153"]
[Date "2009.7.18"]
[Round "2"]
[White "Bergman"]
[Black "IwillSMASHyou"]
[Result "1/2-1/2"]
[WhiteElo "2895"]
[BlackElo "2357"]

1. e4 c6 2. d4 d5 3. exd5 cxd5 4. c4 Nf6 5. Nc3 Nc6 6. Nf3 Bg4 7. cxd5 Nxd5 8.
Qb3 Bxf3 9. gxf3 e6 10. Qxb7 Nxd4 11. Bb5+ Nxb5 12. Qc6+ Ke7 13. Qxb5 Qd7 14.
Nxd5+ Qxd5 15. Bg5+ f6 16. Qxd5 exd5 17. Be3 Ke6 18. O-O-O Rd8 19. Rhe1 Kf7 20.
Rd3 Rd7 21. a3 Be7 22. Red1 Rb8 23. b4 Ke6 24. Re1 Kf5 25. Kc2 Bd8 26. Red1 Ke6
27. Rc3 a5 28. Rc6+ Ke5 29. Bc5 axb4 30. axb4 Rbb7 31. Kb3 Be7 32. Re1+ Kf4
1/2-1/2

[Event "AUTO-MASTER-739"]
[Site "http://www.queenalice.com/game.php?id=642088"]
[Date "2009.8.25"]
[Round "2"]
[White "IgorLutz"]
[Black "IwillSMASHyou"]
[Result "0-1"]
[WhiteElo "2092"]
[BlackElo "2386"]

1. d4 d5 2. c4 dxc4 3. Qa4+ c6 4. Qxc4 Nf6 5. Nf3 Bf5 6. Nc3 e6 7. Qb3 Qb6 8.
Qxb6 axb6 9. Bf4 Nbd7 10. Nh4 b5 11. Nxf5 exf5 12. g3 Nb6 13. Bh3 Bb4 14. Bxf5
Na4 15. Bd2 Nxb2 16. Ne4 Bxd2+ 17. Nxd2 O-O 18. e3 Ra3 19. Ke2 Rfa8 20. Rhc1 Nd5
21. Rc2 Nc3+ 22. Ke1 Nba4 23. Nb3 Nd5 24. Rd2 g6 25. Bc2 Nb2 0-1

[Event "AUTO-MASTER-739"]
[Site "http://www.queenalice.com/game.php?id=642089"]
[Date "2009.8.25"]
[Round "2"]
[White "IwillSMASHyou"]
[Black "IgorLutz"]
[Result "1-0"]
[WhiteElo "2350"]
[BlackElo "2152"]

1. e4 c5 2. d4 cxd4 3. c3 dxc3 4. Nxc3 Nc6 5. Nf3 d6 6. Bc4 e6 7. O-O Nf6 8. Qe2
a6 9. Rd1 Qc7 10. Bf4 b5 11. Bb3 Bb7 12. Rac1 Rc8 13. a4 b4 14. Nb5 axb5 15.
axb5 Nd7 16. Ba4 Nd4 17. Nxd4 Qa5 18. Rxc8+ Bxc8 19. b3 Nc5 20. Nc6 Qc7 21. Nxb4
1-0

[Event "AUTO-MASTER-739"]
[Site "http://www.queenalice.com/game.php?id=642090"]
[Date "2009.8.25"]
[Round "2"]
[White "Alligator427"]
[Black "IwillSMASHyou"]
[Result "0-1"]
[WhiteElo "2170"]
[BlackElo "2329"]

1. e4 e5 2. Nf3 Nc6 3. d4 exd4 4. Nxd4 Nf6 5. Nc3 Bb4 6. Nxc6 bxc6 7. Bd3 d5 8.
e5 Ng4 9. Qe2 O-O 10. O-O Re8 11. f4 Bc5+ 12. Kh1 Nxh2 13. Qh5 Nxf1 14. Qxh7+
Kf8 15. Qh8+ Ke7 16. Qh4+ f6 17. exf6+ Ke6 18. Qg4+ Kd6 0-1

[Event "AUTO-MASTER-739"]
[Site "http://www.queenalice.com/game.php?id=642091"]
[Date "2009.8.25"]
[Round "2"]
[White "IwillSMASHyou"]
[Black "Alligator427"]
[Result "1-0"]
[WhiteElo "2336"]
[BlackElo "2163"]

1. c4 Nf6 2. Nc3 e6 3. Nf3 b6 4. g3 Bb7 5. Bg2 Be7 6. d4 d5 7. cxd5 Nxd5 8. O-O
O-O 9. Qc2 Nxc3 10. bxc3 c5 11. Ng5 Bxg5 12. Bxb7 Bxc1 13. Bxa8 Nd7 14. Be4 Bg5
15. Bxh7+ Kh8 16. Be4 Qf6 17. h4 Bh6 18. Qa4 Rd8 19. Rad1 1-0

[Event "QA-ANNIV-05"]
[Site "http://www.queenalice.com/game.php?id=654483"]
[Date "2009.9.18"]
[Round "2"]
[White "IwillSMASHyou"]
[Black "julio_falk"]
[Result "1-0"]
[WhiteElo "2356"]
[BlackElo "1466"]

1. e4 e5 2. Nf3 Nc6 3. Bc4 h6 4. O-O Nf6 5. d4 d6 6. dxe5 Nxe4 7. Re1 Bf5 8.
exd6 Bxd6 9. Qd5 Qd7 10. Rxe4+ Bxe4 11. Qxe4+ Qe7 12. Nc3 O-O-O 13. Qxe7 Bxe7
14. Bxf7 Bf6 15. Nd5 Rhf8 16. Be6+ Kb8 17. Bf4 Ne7 18. Bxc7+ Ka8 19. Bxd8 Rxd8
20. Nxf6 gxf6 21. c3 b5 22. Nd4 a6 23. Re1 Ng6 24. Bf5 Nf4 25. Be4+ Ka7 26. Nc6+
Kb6 27. Nxd8 a5 28. g3 Nh5 29. Bg6 Ng7 30. Re7 1-0

[Event "AUTO-OPEN-1300"]
[Site "http://www.queenalice.com/game.php?id=681457"]
[Date "2009.11.11"]
[Round "3"]
[White "IwillSMASHyou"]
[Black "whyBish"]
[Result "1-0"]
[WhiteElo "2408"]
[BlackElo "2043"]

1. e4 c5 2. d4 cxd4 3. c3 g6 4. cxd4 d5 5. exd5 Nf6 6. Nc3 Nxd5 7. Qb3 Nb6 8.
Bb5+ N8d7 9. Nf3 Bg7 10. O-O a6 11. Be2 O-O 12. Rd1 Nf6 13. d5 Nbd7 14. Be3 b5
15. Nd4 Bb7 16. Nc6 Qe8 17. Na5 Bc8 18. Qb4 Ne5 19. Bc5 Kh8 20. Bxe7 Rg8 21. Bd6
Bf8 22. Nc6 Nxc6 23. dxc6 Be6 24. c7 Rc8 25. a4 Qc6 26. axb5 axb5 27. Bxf8 Rgxf8
28. Nxb5 Nd5 29. Qe4 Ne7 30. Qxc6 Nxc6 31. Rac1 1-0

[Event "AUTO-OPEN-1300"]
[Site "http://www.queenalice.com/game.php?id=681458"]
[Date "2009.11.11"]
[Round "3"]
[White "whyBish"]
[Black "IwillSMASHyou"]
[Result "0-1"]
[WhiteElo "2056"]
[BlackElo "2407"]

1. e4 c6 2. Nf3 d5 3. e5 Bg4 4. d4 e6 5. c3 Bxf3 6. Qxf3 c5 7. Be3 cxd4 8. cxd4
Qb6 9. Qe2 Nc6 10. Qb5 Qxb5 11. Bxb5 Ne7 12. Nc3 a6 13. Bxc6+ Nxc6 14. Rc1 f6
15. f4 Be7 16. Ke2 Rc8 17. Na4 Kf7 18. a3 h6 19. Rc2 Nxd4+ 0-1

[Event "QA-ANNIV-05"]
[Site "http://www.queenalice.com/game.php?id=723854"]
[Date "2010.2.1"]
[Round "3"]
[White "fosdunc"]
[Black "IwillSMASHyou"]
[Result "0-1"]
[WhiteElo "2243"]
[BlackElo "2409"]

1. e4 e5 2. Nf3 Nf6 3. d4 Nxe4 4. Bd3 d5 5. Nxe5 Nd7 6. Qe2 Nxe5 7. Bxe4 dxe4 8.
Qxe4 Be6 9. Qxe5 Qd7 10. Nc3 O-O-O 11. Be3 Bb4 12. O-O f6 13. Qf4 Bf5 14. Rac1
h5 15. a3 Bxc3 16. bxc3 h4 17. c4 h3 18. g3 Rhe8 19. Rfe1 Re4 20. Qf3 Qe6 21. d5
Bg4 22. dxe6 Bxf3 23. Bxa7 b6 0-1

[Event "QA-ANNIV-05"]
[Site "http://www.queenalice.com/game.php?id=759011"]
[Date "2010.4.10"]
[Round "4"]
[White "IwillSMASHyou"]
[Black "Matrick"]
[Result "1-0"]
[WhiteElo "2414"]
[BlackElo "2262"]

1. d4 Nf6 2. c4 e6 3. Bg5 d5 4. Nc3 Be7 5. e3 O-O 6. Nf3 h6 7. Bh4 b6 8. Be2 Bb7
9. Bxf6 Bxf6 10. cxd5 exd5 11. O-O Re8 12. Rc1 c5 13. dxc5 bxc5 14. Qb3 Re7 15.
Rfd1 d4 16. Na4 Bd5 17. Qc2 Be4 18. Qd2 Qe8 19. Nxc5 dxe3 20. fxe3 Bc6 21. Bc4
Rxe3 22. Qf2 Re7 23. Rd6 Bxf3 24. Rxf6 gxf6 25. Qg3+ Kf8 26. Qxf3 Nc6 27. Nd3
Rc7 28. Qxf6 Qe3+ 29. Kh1 Rd8 30. Rf1 Qd4 31. Qxh6+ Qg7 32. Qf4 Re7 33. Qf5 Rd6
34. h3 Nd8 35. b3 Re2 36. Nf4 Rxa2 37. Kh2 a6 38. Rf3 Rad2 39. Re3 R2d4 40. Nh5
Qh6 41. Rf3 Qg6 42. Qe5 Re4 43. Qh8+ Qg8 44. Qxg8+ Kxg8 45. Nf6+ Rxf6 46. Rxf6
a5 47. Ra6 Nb7 48. Bd5 Rb4 49. Ra7 1-0

[Event "QA-ANNIV-06"]
[Site "http://www.queenalice.com/game.php?id=791083"]
[Date "2010.6.16"]
[Round "1"]
[White "juliocesarbraga"]
[Black "IwillSMASHyou"]
[Result "0-1"]
[WhiteElo "1825"]
[BlackElo "2419"]

1. e4 Nf6 2. e5 Nd5 3. c4 Nb6 4. c5 Nd5 5. d4 d6 6. cxd6 cxd6 7. Bc4 Nb6 8. Qf3
Nxc4 9. Ne2 dxe5 10. dxe5 Nxe5 11. Qb3 Nd3+ 0-1

[Event "QA-ANNIV-05"]
[Site "http://www.queenalice.com/game.php?id=793777"]
[Date "2010.6.23"]
[Round "5"]
[White "IwillSMASHyou"]
[Black "headhunter"]
[Result "1-0"]
[WhiteElo "2420"]
[BlackElo "2482"]

1. d4 Nf6 2. c4 g6 3. Nc3 Bg7 4. e4 d6 5. f3 O-O 6. Be3 Nc6 7. Qd2 a6 8. Nge2
Rb8 9. Nc1 e5 10. d5 Nd4 11. N1e2 c5 12. dxc6 bxc6 13. Nxd4 exd4 14. Bxd4 Re8
15. Be2 d5 16. cxd5 Rb4 17. Bc5 Nxe4 18. fxe4 Bxc3 19. Qxc3 Rbxe4 20. O-O Rxe2
21. dxc6 Qd5 22. Bf2 R8e3 23. Qxe3 Rxe3 24. Bxe3 Qxc6 25. Rac1 Qe8 26. Bh6 Be6
27. Rfd1 Qe7 28. Re1 Qd7 29. h3 Bxa2 30. Rcd1 Qc8 31. Rd6 Bb3 32. Rc1 Qb8 33.
Rxa6 1-0

[Event "QA-ANNIV-05"]
[Site "http://www.queenalice.com/game.php?id=841364"]
[Date "2010.10.3"]
[Round "6"]
[White "Lorfman"]
[Black "IwillSMASHyou"]
[Result "1-0"]
[WhiteElo "2835"]
[BlackElo "2430"]

1. d4 Nf6 2. c4 g6 3. Nc3 Bg7 4. e4 d6 5. Nf3 O-O 6. Be2 e5 7. O-O Nc6 8. d5 Ne7
9. b4 Nh5 10. g3 a5 11. Ba3 axb4 12. Bxb4 b6 13. a4 f5 14. Ng5 Nf6 15. Bf3 f4
16. Rb1 fxg3 17. fxg3 Bh6 18. Ne6 Bxe6 19. dxe6 Be3+ 20. Kg2 Nc6 21. Nd5 Nxd5
22. cxd5 Nxb4 23. Rxb4 Bc5 24. Rc4 Qe7 25. h4 Rf6 26. Be2 Rxf1 27. Bxf1 Rf8 28.
Rc2 Kg7 29. Bb5 Rf6 30. Ra2 Qd8 31. Kh3 Qf8 32. Be2 Rf2 33. Ra1 Qa8 34. a5 bxa5
35. Qa4 Qd8 36. Qd7+ Qxd7 37. exd7 Rf8 38. Rxa5 h5 39. g4 hxg4+ 40. Bxg4 Rh8 41.
Kg3 Kf7 42. h5 Be3 43. hxg6+ Kxg6 44. Kf3 Bg5 45. Ra7 Bd8 46. Ke2 Kg5 47. Bf5
Kf6 48. Ra8 Ke7 49. Ra1 Rh2+ 50. Kd3 Rb2 51. Rh1 Rb8 52. Rh8 1-0

[Event "QA-ANNIV-06"]
[Site "http://www.queenalice.com/game.php?id=885078"]
[Date "2011.1.12"]
[Round "3"]
[White "gmvilela"]
[Black "IwillSMASHyou"]
[Result "0-1"]
[WhiteElo "2147"]
[BlackElo "2429"]

1. e4 e5 2. Nf3 Nc6 3. Bc4 Nf6 4. Ng5 d5 5. exd5 Na5 6. d3 h6 7. Nf3 e4 8. Qe2
Nxc4 9. dxc4 Bb4+ 10. c3 Bd6 11. h3 c5 12. dxc6 bxc6 13. Nd4 Bd7 14. Be3 O-O 15.
Nd2 Qe7 16. N4b3 a5 17. c5 Bc7 18. Nc4 a4 19. Nd4 Nd5 20. Nb6 Bxb6 21. cxb6 c5
22. Nc2 Nxb6 23. O-O f5 24. Bf4 g5 25. Bc7 Nd5 26. Bh2 Nf6 27. f3 f4 28. fxe4
Qxe4 29. Rfe1 Qxe2 30. Rxe2 Rfe8 31. Rae1 Rab8 32. Na3 Rxb2 33. Rxb2 Rxe1+ 34.
Kf2 Re3 0-1

[Event "QA-ANNIV-05"]
[Site "http://www.queenalice.com/game.php?id=885934"]
[Date "2011.1.13"]
[Round "7"]
[White "IwillSMASHyou"]
[Black "kasker"]
[Result "1-0"]
[WhiteElo "2431"]
[BlackElo "2498"]

1. d4 Nf6 2. c4 e6 3. Nc3 Bb4 4. e3 O-O 5. Bd3 c5 6. Nf3 d5 7. O-O Nc6 8. a3
Bxc3 9. bxc3 b6 10. cxd5 exd5 11. Ne5 Qc7 12. Nxc6 Qxc6 13. f3 Be6 14. a4 c4 15.
Bc2 Ne8 16. Ba3 Nd6 17. e4 Rfe8 18. Qb1 h6 19. e5 Nb7 20. f4 Na5 21. f5 Bd7 22.
f6 gxf6 23. Bh7+ Kg7 24. exf6+ Kh8 25. Bg6 Qe6 26. Qc1 Kg8 27. Bf5 Qe3+ 28. Qxe3
Rxe3 29. Bxd7 Rxc3 30. Rf4 Re3 31. Rg4+ Kh8 32. Rg7 Nb3 33. Rd1 Rg8 34. Rxf7
Nxd4 35. Rxd4 Rxa3 36. Rh4 Ra1+ 37. Kf2 Ra2+ 38. Kf3 Ra3+ 39. Kf4 Rxg2 40. Rf8+
1-0

[Event "QA-ANNIV-06"]
[Site "http://www.queenalice.com/game.php?id=924396"]
[Date "2011.4.10"]
[Round "4"]
[White "IwillSMASHyou"]
[Black "edsDr23"]
[Result "1-0"]
[WhiteElo "2440"]
[BlackElo "2329"]

1. d4 Nf6 2. c4 e6 3. Bg5 h6 4. Bxf6 Qxf6 5. Nc3 Bb4 6. e3 c5 7. Rc1 Nc6 8. dxc5
Bxc5 9. g3 O-O 10. Bg2 Ne5 11. a3 Qf5 12. Be4 Qf6 13. Qe2 Bb6 14. Bg2 Qg6 15.
Rd1 Nc6 16. Nf3 a6 17. O-O Rd8 18. b4 d6 19. Rd3 f5 20. Rfd1 Qf6 21. Qd2 Bc7 22.
e4 Rb8 23. exf5 Qxf5 24. Qe3 Ne7 25. b5 Rf8 26. b6 Bd8 27. Nh4 Qh5 28. Rxd6 Nc6
29. Bxc6 Bxh4 30. gxh4 bxc6 31. Rd8 Qxh4 32. Rxf8+ Kxf8 33. Qe5 Rb7 34. Qd6+ Re7
35. Qd8+ Kf7 36. Rd3 Qg5+ 37. Kf1 Qf5 38. Rg3 1-0

[Event "QA-ANNIV-05"]
[Site "http://www.queenalice.com/game.php?id=953550"]
[Date "2011.6.24"]
[Round "9"]
[White "IwillSMASHyou"]
[Black "cunha"]
[Result "1-0"]
[WhiteElo "2461"]
[BlackElo "2843"]

1. e4 c5 2. Nf3 d6 3. d4 cxd4 4. Nxd4 Nf6 5. Nc3 a6 6. Bg5 e6 7. f4 Be7 8. Qf3
Qc7 9. O-O-O Nbd7 10. g4 b5 11. Bxf6 Nxf6 12. g5 Nd7 13. f5 Nc5 14. f6 gxf6 15.
gxf6 Bf8 16. Rg1 b4 17. Nd5 exd5 18. exd5 Nd7 19. Nc6 Ne5 20. Nxe5 dxe5 21. d6
Qa7 22. Bc4 Bd7 23. Rg7 O-O-O 24. Rxf7 e4 25. Qxe4 Bxd6 26. Be2 Qb6 27. Bf3 1-0

[Event "QA-ANNIV-06"]
[Site "http://www.queenalice.com/game.php?id=967022"]
[Date "2011.7.31"]
[Round "5"]
[White "IwillSMASHyou"]
[Black "PunditJi"]
[Result "1/2-1/2"]
[WhiteElo "2476"]
[BlackElo "2560"]

1. c4 Nf6 2. Nc3 e5 3. Nf3 d6 4. d4 Nbd7 5. e4 Be7 6. Be2 O-O 7. O-O c6 8. Qc2
Re8 9. Rd1 Bf8 10. Be3 exd4 11. Nxd4 g6 12. a3 a5 13. f3 Qe7 14. Rac1 Nh5 15.
Bf1 Bg7 16. b4 axb4 17. axb4 Qf8 18. Qd2 Ne5 19. Ra1 Bd7 20. Ra5 Rxa5 21. bxa5
f5 22. exf5 gxf5 23. Rb1 Bc8 24. Bf2 Qf7 25. Na4 Nxc4 26. Bxc4 Qxc4 27. Nb6 Qf7
28. Nxc8 Rxc8 29. Qg5 Rf8 30. a6 bxa6 31. Nxc6 Kh8 32. Qd2 Qd7 33. Rb6 Rc8 34.
Nd4 Be5 35. Rxa6 Nf4 36. g3 Nh3+ 37. Kg2 Nxf2 38. Qxf2 Qb7 39. Ra2 Qf7 40. Qd2
Qf6 41. Ra4 f4 42. Ne2 fxg3 43. hxg3 Qf7 44. Qd3 Re8 45. Ra5 1/2-1/2

[Event "QA-ANNIV-05"]
[Site "http://www.queenalice.com/game.php?id=983089"]
[Date "2011.9.9"]
[Round "10"]
[White "IwillSMASHyou"]
[Black "LoveChess"]
[Result "0-1"]
[WhiteElo "2478"]
[BlackElo "2739"]

1. Nf3 c6 2. d4 Nf6 3. Bg5 Qb6 4. Qc1 d6 5. Nc3 Nbd7 6. a4 a5 7. e4 e5 8. dxe5
Ng4 9. Nd1 h6 10. Be3 Qc7 11. exd6 Bxd6 12. Bd4 O-O 13. h3 Nge5 14. Qe3 Nxf3+
15. Qxf3 Ne5 16. Qg3 Rd8 17. Bxe5 Bxe5 18. Qh4 Be6 19. Be2 Rd4 20. Rb1 Rxa4 0-1